[Event "EU-Cup 23rd"]
[Site "Kemer"]
[Date "2007.10.08"]
[Round "6.5"]
[White "Bologan, Viktor"]
[Black "Cheparinov, Ivan"]
[Result "0-1"]
[WhiteElo "2657"]
[BlackElo "2670"]
[Annotator "Ftacnik,L"]
[PlyCount "56"]
[EventDate "2007.10.03"]
[EventType "team-swiss"]
[EventRounds "7"]
[EventCountry "TUR"]
[SourceTitle "CBM 121"]
[Source "ChessBase"]
[SourceDate "2007.11.14"]
[SourceVersion "1"]
[SourceVersionDate "2007.11.14"]
[SourceQuality "1"]
[WhiteTeam "Tomsk 400"]
[BlackTeam "Merida Linex Magic"]
[WhiteTeamCountry "RUS"]
[BlackTeamCountry "ESP"]

1. e4 c5 2. Nf3 d6 3. d4 cxd4 4. Nxd4 Nf6 5. Nc3 a6 6. Be3 e6 7. Be2 Nbd7 8. g4
h6 9. f4 g5 {[%mdl 4] A very interesting novelty from the Bulgarian kitchen.
Topalov and his seconds have been working on the provocative system with 7...
Nbd7 and had to find something against the aggressive white approach.} 10. fxg5
(10. f5 Ne5 $13) 10... hxg5 11. Bxg5 b5 {With hindsight, development seems
better than the immediate counterplay with the queen move to b6.} (11... Qb6
12. Nb3 (12. Qd2 Qxb2 13. Rb1 Qa3 $13) 12... Rxh2 $1 13. Rf1 Bg7 (13... Be7 14.
Qd2 Nxg4 $2 15. Bxe7 Kxe7 16. Qg5+ Ngf6 17. e5 dxe5 18. O-O-O Rf2 19. Nd2 Rxf1
20. Rxf1 Qd8 21. Nc4 $16) 14. Bf4 (14. Qd3 Ne5 15. Qg3 Rxe2+ $1 16. Kxe2 Nfxg4
$132) 14... Rh3 15. g5 Nh7 16. Qd2 $16) 12. Bf3 (12. e5 dxe5 (12... Nxe5 $2 13.
Bf3 Ra7 (13... d5 14. Qe2 Nxf3+ 15. Qxf3 Bg7 16. Nc6 Qc7 17. Bxf6 $18) 14. Nc6
Nxc6 15. Bxc6+ Bd7 16. Bxd7+ Rxd7 17. Rf1 Be7 18. Qd4 e5 19. Qf2 $18) 13. Nxe6
fxe6 14. Bf3 Rb8 15. Qd3 Kf7 16. h4 $44) 12... Ne5 (12... b4 13. Nce2 (13. Ncb5
$5 axb5 14. e5 dxe5 15. Nxe6 $1 fxe6 16. Bxa8 Be7 17. h4 $14) (13. e5 bxc3 14.
b4 (14. Bxa8 cxb2 15. Rb1 Qa5+ $17) 14... d5 15. exf6 Qc7 16. Qe2 $13) (13. Nd5
exd5 14. Nc6 Qb6 15. Qe2 Qb5 $1 $17) 13... Ne5 14. Ng3 Be7 15. h4 Bb7 $13) 13.
Nc6 $5 {Bologan goes to extremes in an attempt to find the advantage. The key
factor of this spectacular move is the unprotected knight on f6.} Nxc6 14. e5
Qb6 $1 (14... Nxe5 15. Bxa8 Be7 (15... Bd7 16. Ne4 $1 Be7 17. Nxd6+ Kf8 18.
Bxf6 Bxf6 19. Be4 $16) 16. Qd4 $16) 15. Bxf6 (15. exf6 Bb7 16. Bf4 Ne5 $11)
15... Rh3 $1 (15... Rxh2 $2 16. Bxc6+ $18) 16. exd6 (16. Bg5 $5 d5 (16... Bb7
17. Ne4 Be7 18. Nxd6+ Bxd6 19. Qxd6 $1 Rxf3 20. O-O-O Rd8 21. Bxd8 Qxd8 22. Qc5
$16) 17. Nxd5 exd5 18. Qxd5 Rxf3 $1 19. Qxf3 Bb7 20. Rf1 (20. e6 $6 Bb4+ $1 (
20... fxe6 $2 21. Rf1) (20... Ne5 $2 21. exf7+ Nxf7 22. Qe2+) 21. c3 Ne5 22.
exf7+ Nxf7 23. Qe2+ Kf8 $17) 20... Nxe5 21. Qe2 Qe6 22. O-O-O $13) (16. Kf1 Bb7
17. exd6 Ne5 $1 18. Bg2 Bxd6 $13) (16. Qd3 $2 Nb4 17. Qe2 Rxf3 $1 18. Qxf3
Nxc2+ 19. Kd2 Bb7 $17) 16... Qe3+ 17. Be2 Ne5 $1 (17... Rxh2 $2 18. Rxh2 Qg1+
19. Bf1 Qxh2 20. Qf3 Bd7 21. O-O-O $18) (17... Rf3 18. Bg5 $1 Qf2+ 19. Kd2 Qd4+
20. Kc1 Rxc3 21. Qxd4 $1 Nxd4 22. bxc3 Nxe2+ 23. Kd2 Nxc3 24. Kxc3 Bxd6 $14)
18. Qc1 $6 {White had to find a good defence against the manifold threats.
Unfortunately the sound idea is realised without the intermediate moves 18.Rf1
Bb7, so Black can get the upper hand.} (18. Bxe5 $2 Qxe5 $17) (18. Rf1 Bb7 (
18... Nf3+ $2 19. Rxf3 Rxf3 20. Bd4 $18) (18... Rxh2 19. Bxe5 Qxe5 20. Qd3 Qxd6
$11) 19. Qc1 Qxc1+ (19... Nf3+ 20. Rxf3 Qxc1+ 21. Rxc1 Bxf3 22. Rd1 $1 Bc6 (
22... Kd7 23. Rd3 Bg2 24. Rxh3 Bxh3 25. Bf3 Rb8 26. Ne4 $16) 23. Ne4 Bd5 24.
Bg5 Kd7 $13) 20. Rxc1 Bxd6 21. Rd1 Bc7 $44) 18... Nf3+ (18... Nxg4 19. Qxe3
Nxe3 20. Bd3 (20. Kf2 Bb7 21. Nxb5 Kd7 $15) 20... Bxd6 $15) 19. Kd1 Qb6 $6 {
Black also misses the best continuation and squanders a great part of his
advantage.} (19... Qc5 $1 20. Qf4 (20. Ne4 Qd5+ 21. Bd3 e5 $17) 20... e5 (20...
Bxd6 21. Qe4 $16) 21. Qe4 Qxd6+ 22. Bd3 Rb8 23. g5 b4 24. Ne2 Bb7 25. Qe3 Nxg5
26. Qxe5+ Qxe5 27. Bxe5 Rd8 $17) 20. Ne4 $1 (20. Qf4 $2 Bxd6 21. Qe4 Bb7 $19)
20... e5 (20... Bxd6 21. Bxf3 Rxf3 22. Qd2 Bf4 23. Qb4 $1 $16) 21. Bxf3 (21.
Bg5 Qd4+ 22. Bd3 Bg7 23. Be3 Qd5 24. Nf2 e4 $1 25. Nxh3 (25. Nxe4 Bxg4 $19)
25... exd3 26. Nf2 Nd4 27. Kd2 dxc2 $19) 21... Rxf3 22. Qd2 Bxg4 23. Kc1 (23.
d7+ Bxd7 24. Qd5 Qd4+ (24... Bc6 25. Qxe5+ Kd7 26. Re1 $14) (24... Qc6 25.
Qxe5+ Be6 26. Re1 $1 $13) 25. Qxd4 exd4 26. Re1 Be6 $11) 23... Qc6 (23... Qe3
24. Re1 Qxd2+ 25. Kxd2 Bh6+ 26. Bg5 $11) 24. Rd1 $2 {The danger in sharp and
unsual positions lies in the possibility of making a huge mistake. Bologan
falters tactically and is just lost.} (24. Re1 $1 Bf5 25. d7+ $1 (25. Ng5 Bh6
$1 26. Rxe5+ Be6 $19) (25. Nc3 Bxd6 26. Bxe5 O-O-O $19) (25. Ng3 Rd3 $1 26.
Rxe5+ Kd7 27. Qf4 Qxc2+ 28. Kxc2 Rc8+ 29. Rc5 (29. Kb1 $2 Rd1#) 29... Rxc5+ 30.
Bc3 Rdxc3+ (30... Bg6 $2 31. Ne4 $18) 31. Kd2 Bxd6 $17) 25... Bxd7 (25... Qxd7
26. Qe2) 26. Qg2 Rf5 $13) 24... Rf4 $1 25. Nc5 (25. d7+ Bxd7 $19) 25... Rxf6
26. d7+ Kd8 27. Qa5+ Qb6 28. Nb7+ Kc7 (28... Kc7 29. Qxb6+ Kxb6 30. d8=Q+ Rxd8
31. Rxd8 (31. Nxd8 Bh6+ $19) 31... Bh6+ $19) 0-1

[Event "Baku FIDE GP"]
[Site "Baku"]
[Date "2008.04.28"]
[Round "7"]
[White "Cheparinov, Ivan"]
[Black "Mamedyarov, Shakhriyar"]
[Result "1-0"]
[WhiteElo "2696"]
[BlackElo "2752"]
[Annotator "Krasenkow,M"]
[PlyCount "80"]
[EventDate "2008.04.21"]
[EventType "tourn"]
[EventRounds "13"]
[EventCountry "AZE"]
[EventCategory "19"]
[SourceTitle "CBM 124"]
[Source "ChessBase"]
[SourceDate "2008.05.28"]
[SourceVersion "1"]
[SourceVersionDate "2008.05.28"]
[SourceQuality "1"]

1. d4 d5 2. c4 c6 3. Nf3 Nf6 4. Nc3 e6 5. Bg5 Be7 6. e3 O-O 7. Qc2 {A classic
arrangement of pieces (Qc2,Rd1) after Black has played ...c7-c6.} Nbd7 8. a3 h6
9. Bh4 a6 10. Rd1 b6 (10... Re8 {(waiting for Bf1-d3 in order to take on c4
gaining a tempo) or}) (10... b5 {are more common.}) 11. Bd3 Bb7 12. O-O Rc8 (
12... c5 $5 13. Ne5 Rc8 14. Qe2 dxc4 15. Bxc4 Nxe5 16. dxe5 Nd7 17. Bg3 b5 18.
Bd3 Qc7 19. f4 b4 20. Nb1 c4 21. Bxc4 bxa3 22. bxa3 Qc6 $44 {0-1 Borisenko,
G-Lutikov,A/Kiev 1964/URS-ch (64)}) 13. Bg3 (13. Rfe1 c5 14. cxd5 Nxd5 15. Bxe7
Qxe7 16. Nxd5 exd5 17. Bf5 c4 18. e4 dxe4 19. d5 Qd6 20. Qxe4 Rce8 21. Qxc4 {
1/2-1/2 Averkin,O-Lutikov,A/Moscow 1969/URS-ch}) (13. e4 $5) 13... dxc4 (13...
c5 14. cxd5 Nxd5 15. Nxd5 exd5 16. dxc5 bxc5 17. Bf5 $36) (13... Nh5 $5) 14.
Bxc4 b5 15. Ba2 c5 (15... Qb6 $5 {not fearing} 16. b4 a5) 16. d5 exd5 17. Nxd5
(17. Bxd5 $5 Qb6 $140 (17... Nxd5 18. Nxd5 {and Black hardly has anything
better than} Bxd5) 18. Bxb7 Qxb7 19. Nh4) 17... Nxd5 18. Bxd5 Bxd5 (18... Qb6
$5 19. Nh4 (19. Bxf7+ Rxf7 20. Rxd7 Bxf3 21. gxf3 Qe6 22. Rfd1 Rxf3 $11) 19...
Bxd5 20. Nf5 Rfe8 21. Rxd5 Nf6 22. Nxe7+ Rxe7 23. Rd6 Rc6 24. Rfd1 Re8 $11) 19.
Rxd5 Qe8 20. Bd6 c4 21. Rfd1 Bxd6 22. Rxd6 Nc5 $11 {Black's active knight
compensates White's control of the d-file.} 23. Nd4 g6 (23... Qe5 $5 24. Nc6 (
24. Nf5 $6 Nd3) 24... Qe8 25. Nb4 a5 26. Nd5 Nd3 $13) 24. h4 $1 h5 (24... Qe5 {
doesn't work now:} 25. Nc6 Qe8 26. Nb4 a5 27. Nd5) 25. Nf3 (25. Ne2 $5 {
[%cal Ye2f4,Yf4d5]}) 25... Qe7 26. Ng5 Rcd8 $5 {An interesting pawn sacrifice;
however, Black quickly goes astray.} 27. Nxf7 Rxd6 28. Nxd6 Kh7 (28... Nd3 $2
29. Nxc4 $1) (28... Qe6 $5 {[%cal Rc5d3]} 29. Rd4 Nb3 30. Rd5 Qxd5 31. Qxg6+
Kh8 {and White must give a perpetual.}) 29. Rd4 Nd3 $2 {Black's first serious
mistake.} (29... Rd8 {was still enough for equality:} 30. Nf7 (30. Qd1 Nd3)
30... Rxd4 31. Ng5+ Kh6 32. exd4 Qe1+ 33. Kh2 Nd3 34. Nh3 Qe4 {and White has
hardly anything better than} 35. Qd2+ Kg7 36. Qg5 Qxd4 37. Qe7+ $11) 30. Ne4
Kh6 31. Qd2 $2 {Returning the favour.} (31. Qc3 $1 $16 {as Black can't
recapture the pawn:} Qxh4 $140 $2 32. Rd7 Rg8 33. Qd4 $18) 31... Qxh4 32. f4
$14 {Still, White keeps pressure.} Rd8 $6 {A dubious rook exchange but other
options were not comfortable either:} (32... Rf7 33. Rd6 $1 Qe7 34. Ng5 $36 {or
}) (32... Re8 33. Nd6 Re7 34. f5 $36) 33. Rxd8 Qxd8 34. Qc3 {[%cal Ye4g5,Yg5e6,
Rg5f7]} Qe7 $4 {This move loses. The only defence was} (34... Qf8 {[%cal Yf8g7]
but Black's position remained difficult after} 35. Qd4 Qg7 36. Nf6) 35. Qh8+
Qh7 36. Qd8 {[%cal Re4g5]} Qa7 (36... Qf7 37. Ng5 Qg7 38. Ne6 $18) (36... Qg7
37. g4 $1 $18) 37. Kh2 (37. Qg5+ Kg7 38. f5 $18 {was simpler.}) 37... h4 38.
Qxh4+ Kg7 39. Qf6+ Kh6 40. Nd6 Kh7 1-0

[Event "Elista FIDE GP"]
[Site "Elista"]
[Date "2008.12.18"]
[Round "5"]
[White "Inarkiev, Ernesto"]
[Black "Cheparinov, Ivan"]
[Result "0-1"]
[WhiteElo "2669"]
[BlackElo "2696"]
[Annotator "Ftacnik,L"]
[PlyCount "58"]
[EventDate "2008.12.14"]
[EventType "tourn"]
[EventRounds "13"]
[EventCountry "RUS"]
[EventCategory "19"]
[SourceTitle "CBM 128"]
[Source "ChessBase"]
[SourceDate "2009.01.28"]
[SourceVersion "1"]
[SourceVersionDate "2009.01.28"]
[SourceQuality "1"]

1. e4 c5 2. Nf3 d6 3. d4 cxd4 4. Nxd4 Nf6 5. Nc3 a6 6. Be3 e6 7. Be2 Nbd7 8. f4
b5 9. f5 {It is not easy to punish Black for the provocative set up, since the
natural move 9.Bf3 does not promise any advantage.} (9. Bf3 Bb7 10. e5 Bxf3 11.
Qxf3 (11. Nxf3 Ng4 12. Bd4 dxe5 13. fxe5 Qc7 14. Qe2 Bc5 15. Bxc5 Qxc5 16.
O-O-O Qe3+ 17. Rd2 {1/2 Nisipeanu,L (2592)-Georgiev,K (2661)/New Delhi/Teheran
2000}) 11... dxe5 12. Nc6 Qc7 13. Nxe5 Rc8 14. Nxd7 Qxd7 15. O-O Qc6 16. Qxc6+
Rxc6 17. f5 Bc5 18. Bxc5 Rxc5 19. fxe6 fxe6 20. Rae1 Ke7 {1/2 Adams,M (2731)
-Rowson,J (2547)/West Bromwich 2004 (28)}) 9... Ne5 10. fxe6 (10. a3 Bd7 11.
O-O Be7 12. Qe1 O-O 13. Qg3 Rc8 14. Bh6 Ne8 15. Nf3 Nc4 16. Bxc4 Rxc4 17. fxe6
Bxe6 18. Kh1 Kh8 19. Be3 Nf6 20. Bd4 {1-0 Ehlvest,J (2505)-Shneider,A (2420)/
Lvov 1985 (72)}) 10... fxe6 11. O-O Bd7 $146 {[%mdl 4] Cheparinov is
splendidly prepared in opening theory thanks to his cooperation with Topalov.
No wonder he is the first to come up with a novelty.} (11... Be7 12. a4 b4 13.
Na2 Qd7 14. Nxb4 Qb7 15. c3 Qxe4 16. Bf4 O-O 17. Ndc6 Nxc6 18. Bd3 Nxb4 19.
Bxe4 Nxe4 20. cxb4 Bb7 21. Qg4 Rf6 22. Bxd6 Nxd6 23. Rxf6 Bxf6 24. Qxe6+ Nf7
25. Qd7 Be4 26. Re1 Rd8 27. Rxe4 {1-0 Makarichev,S (2495)-Anikaev,Y (2435)/
Rostov on Don 1976}) 12. a4 bxa4 13. Nxa4 Be7 {Both top players have
understood, that it cannot be sound to take the e4-pawn. Black is lagging in
development and the punishment would be severe.} (13... Nxe4 $2 14. Bf3 $1 d5 (
14... Nxf3+ 15. Qxf3 Nf6 16. Nb6 Rb8 17. Nc6 Bxc6 18. Qxc6+ Kf7 19. Rxa6 $16)
15. Bxe4 dxe4 16. Nc3 $16) 14. Nb3 (14. Nf3 Neg4 (14... Rb8 15. Nxe5 dxe5 16.
Nc5 Rxb2 17. Qc1 Rb8 18. Rxa6 $16) 15. Bd4 e5 16. h3 exd4 17. hxg4 Nxg4 18.
Qxd4 Bf6 19. Qxd6 Bxa4 20. Qxd8+ Rxd8 21. Rxa4 Bxb2 22. Rxa6 $14) 14... Rb8 (
14... Nxe4 15. Qd4 Nf6 16. Nb6 Rb8 17. Nxd7 Qxd7 18. Rxa6 $16) (14... O-O 15.
Nb6 Rb8 16. Nxd7 Qxd7 17. Rxa6 Qb7 18. Rf4 Ng6 19. Ra7 $16) 15. Nc3 O-O 16.
Rxa6 Qc8 (16... Ra8 17. Rxd6 $5 Bxd6 18. Qxd6 Nfg4 19. Bf4 $16) 17. Ra7 {
The critical moment in the development of the game as White has won the pawn
and would be delighted to improve the position even further. Probably the best
was to courageously sacrifice the exchange for the second pawn with 17.Rxd6!?
with splendid piece play and an unpleasant initiative.} (17. Rxd6 $5 Nfg4 18.
Bf4 Rxb3 19. cxb3 Qc5+ 20. Rd4 Nc6 21. Bxg4 $16) 17... Rb4 $1 18. Rf4 (18. Bd3
$6 Nfg4 19. Rxf8+ Qxf8 20. Qe2 Nxe3 21. Qxe3 Bd8 $17) (18. Bd4 Nc6 19. Bxf6
Rxf6 20. Ra6 Rxf1+ 21. Bxf1 Rb8 $11) 18... Qb8 (18... g5 19. Rf2 Nxe4 20. Rxf8+
Qxf8 21. Bd4 Qf4 $11) 19. Ra1 {If White feels obliged to retreat the rook then
his 17th move was obviously false. The better move should be the completion of
his development with 19.Qd2!?} (19. Qd2 $5 g5 20. Rf1 Nxe4 21. Rxf8+ Qxf8 22.
Nxe4 Rxe4 23. Nd4 d5 24. Bd3 Rh4 25. Bxg5 Rxd4 26. Bxe7 Qxe7 27. Bxh7+ Kxh7 28.
Qxd4 Qf6 29. Qe3 $14) 19... Ng6 (19... g5 20. Rf2 Nxe4 21. Rxf8+ Qxf8 $11) 20.
Rf3 Nxe4 21. Nxe4 Rxe4 22. Nc5 $2 {Inarkiev was not ready to live with the
fact that his opponent had managed to equalize. The move by the knight is
risky, as the white pieces are lacking harmony.} (22. Ba7 Qd8 23. Rxf8+ Qxf8
24. Bf3 Ra4 $11) 22... dxc5 23. Qxd7 Nh4 $6 (23... Qxb2 $5 24. Rxf8+ Nxf8 25.
Ra8 Qf6 $17) 24. Rxf8+ Bxf8 25. Bc4 $2 {The small comedy of errors is
finishing with the move representing unrealistic ambition from White. The best
move 25.Ra3! was still able to hold the game level.} (25. Ra3 $1 Qxb2 26. Ra7
Qf6 27. Qd3 Rb4 28. Ra8 Rb1+ 29. Bf1 $11) 25... Rxe3 26. Bxe6+ Kh8 27. Qf7 Bd6
{This is a perfect picture of a broken dream; in return for the piece White
"gained" only the enemy attack on his own position.} 28. Bd5 (28. Ra7 Nf5 $1
29. Bxf5 (29. Qxf5 Qxa7 $19) 29... Bxh2+ 30. Kf2 Qf4#) 28... Bxh2+ 29. Kf2 Re8
0-1

[Event "BUL-chT-A 62nd"]
[Site "Sunny Beach"]
[Date "2012.09.25"]
[Round "7.1"]
[White "Cheparinov, Ivan"]
[Black "Georgiev, Kiril"]
[Result "1-0"]
[WhiteElo "2689"]
[BlackElo "2687"]
[PlyCount "67"]
[EventDate "2012.09.19"]
[EventType "team-tourn"]
[EventRounds "7"]
[EventCountry "BUL"]
[SourceTitle "CBM 150 Extra"]
[Source "ChessBase"]
[SourceDate "2012.10.19"]
[SourceVersion "1"]
[SourceVersionDate "2012.10.19"]
[SourceQuality "1"]
[WhiteTeam "Plovdiv Lokomotiv"]
[BlackTeam "Sofia Lokomotiv"]
[WhiteTeamCountry "BUL"]
[BlackTeamCountry "BUL"]

1. d4 Nf6 2. c4 e6 3. Nf3 Bb4+ 4. Nbd2 O-O 5. a3 Be7 6. e4 d5 7. e5 Nfd7 8. Bd3
c5 9. h4 f5 10. cxd5 exd5 11. Ng5 Qb6 12. Qf3 Qc6 13. Qh5 h6 14. Ndf3 b6 15. e6
Nf6 16. Qf7+ Rxf7 17. exf7+ Kh8 18. Ne5 g6 19. Nxg6+ Kg7 20. Nxe7 Qb7 21. Ng6
Nbd7 22. Ne6+ Kxg6 23. h5+ Kxf7 24. Nd8+ Kg7 25. Nxb7 Bxb7 26. f3 cxd4 27. Bf4
Re8+ 28. Kf2 Nc5 29. Bxf5 Bc8 30. Bg6 Rf8 31. Be5 Ne6 32. Rhd1 Bd7 33. Bxd4 Nf4
34. Rac1 1-0

[Event "Politiken Cup 35th"]
[Site "Helsingor"]
[Date "2013.07.31"]
[Round "6"]
[White "Cheparinov, Ivan"]
[Black "Melkumyan, Hrant"]
[Result "1-0"]
[WhiteElo "2678"]
[BlackElo "2632"]
[PlyCount "113"]
[EventDate "2013.07.27"]
[EventType "swiss"]
[EventRounds "10"]
[EventCountry "DEN"]
[SourceTitle "CBM 155 Extra"]
[Source "ChessBase"]
[SourceDate "2013.08.26"]
[SourceVersion "1"]
[SourceVersionDate "2013.08.26"]
[SourceQuality "1"]

1. Nf3 Nf6 2. c4 c5 3. Nc3 Nc6 4. e3 e6 5. d4 d5 6. cxd5 Nxd5 7. Bc4 cxd4 8.
exd4 Be7 9. O-O O-O 10. Re1 Bf6 11. Ne4 b6 12. a3 Bb7 13. Qd3 h6 14. Bd2 Nce7
15. Ne5 Bxe5 16. dxe5 Ng6 17. Qg3 Qh4 18. Nd6 Bc6 19. Rac1 Rad8 20. Qxh4 Nxh4
21. Be2 Ba8 22. g3 Ng6 23. f4 f6 24. Bg4 f5 25. Bf3 Rd7 26. Bxd5 Bxd5 27. Rc2
Ne7 28. Rec1 Rfd8 29. Rc7 Be4 30. Kf2 Kh7 31. b4 Kg6 32. Rxd7 Rxd7 33. a4 Bc6
34. b5 Bd5 35. a5 bxa5 36. Bxa5 Kh5 37. Rc7 Rxc7 38. Bxc7 g5 39. Bd8 Ng8 40. h3
Kg6 41. Nc8 gxf4 42. gxf4 Kf7 43. Nxa7 Ke8 44. Bh4 Kd7 45. b6 Bb7 46. Bf6 Ba6
47. h4 Bb7 48. Ke3 Ne7 49. Bxe7 Kxe7 50. Kd4 Kd7 51. Kc5 Bg2 52. Nb5 Bf3 53.
Nd6 Bg2 54. Nf7 h5 55. Ng5 Bd5 56. Nh7 Bf3 57. Nf6+ 1-0

[Event "Albena Masters op"]
[Site "Albena"]
[Date "2014.06.09"]
[Round "9"]
[White "Cheparinov, Ivan"]
[Black "Akopian, Vladimir Eduardovic"]
[Result "1-0"]
[WhiteElo "2682"]
[BlackElo "2667"]
[PlyCount "91"]
[EventDate "2014.06.01"]
[EventType "swiss"]
[EventRounds "9"]
[EventCountry "BUL"]
[SourceTitle "CBM 160 Extra"]
[Source "ChessBase"]
[SourceDate "2014.07.01"]
[SourceVersion "1"]
[SourceVersionDate "2014.07.01"]
[SourceQuality "1"]

1. d4 Nf6 2. c4 e6 3. Nf3 b6 4. g3 Bb7 5. Bg2 Bb4+ 6. Bd2 c5 7. Bxb4 cxb4 8.
O-O O-O 9. Qd3 d6 10. Nbd2 Qc7 11. Rfd1 Nbd7 12. Ne1 Rfe8 13. Nc2 a5 14. e4 e5
15. f3 b5 16. cxb5 d5 17. Ne3 Qb6 18. exd5 Nxd5 19. Ndc4 Qxb5 20. Nd6 Qxd3 21.
Rxd3 Ba6 22. Nxd5 Bxd3 23. Nc7 Red8 24. Nxa8 exd4 25. f4 Bc2 26. Re1 g5 27. Nc4
gxf4 28. gxf4 Nc5 29. Nab6 b3 30. a3 Nd3 31. Rf1 Kg7 32. f5 f6 33. Bd5 Kh6 34.
Kg2 Re8 35. Be6 Nc5 36. Rf4 Nxe6 37. fxe6 Rxe6 38. Rxd4 Kg5 39. h4+ Kh5 40. Nd5
Re1 41. Nxf6+ Kg6 42. Nd5 Re4 43. Nf4+ Kf5 44. Rxe4 Kxe4 45. Kg3 a4 46. Nb6 1-0

[Event "CRO-chT1A 24th"]
[Site "Bol"]
[Date "2015.10.06"]
[Round "4.31"]
[White "Cheparinov, Ivan"]
[Black "Saric, Ivan"]
[Result "1-0"]
[WhiteElo "2681"]
[BlackElo "2678"]
[PlyCount "65"]
[EventDate "2015.10.03"]
[EventType "team-tourn"]
[EventRounds "9"]
[EventCountry "CRO"]
[SourceTitle "CBM 168 Extra"]
[Source "ChessBase"]
[SourceDate "2015.10.29"]
[SourceVersion "1"]
[SourceVersionDate "2015.10.29"]
[SourceQuality "1"]
[WhiteTeam "Osijek EFT"]
[BlackTeam "Rijeka Liburnija"]
[WhiteTeamCountry "CRO"]
[BlackTeamCountry "CRO"]

1. d4 Nf6 2. c4 g6 3. Nf3 Bg7 4. g3 c6 5. Bg2 d5 6. O-O O-O 7. Qb3 Qb6 8. Nc3
Rd8 9. h3 Be6 10. c5 Qxb3 11. axb3 Na6 12. Ra4 Ne4 13. Bf4 Naxc5 14. dxc5 Nxc5
15. Ra3 d4 16. Na4 Nxb3 17. Nd2 Nxd2 18. Bxd2 b6 19. b4 Bc4 20. Bxc6 Rac8 21.
b5 Bxe2 22. Re1 Bc4 23. Nb2 Bd5 24. Rxa7 d3 25. Bxd5 Rxd5 26. Nc4 Bd4 27. Raxe7
Kg7 28. Ne3 Rdd8 29. Rd1 Rc5 30. Be1 Bf6 31. Ra7 Bb2 32. Ra2 Bc1 33. Bd2 1-0

[Event "ESP-chT Div Honor"]
[Site "Monzon"]
[Date "2016.09.30"]
[Round "5.2"]
[White "Cheparinov, Ivan"]
[Black "Piorun, Kacper"]
[Result "1-0"]
[WhiteElo "2677"]
[BlackElo "2681"]
[PlyCount "183"]
[EventDate "2016.09.26"]
[EventType "team-tourn"]
[EventRounds "7"]
[EventCountry "ESP"]
[SourceTitle "CBM 174 Extra"]
[Source "ChessBase"]
[SourceDate "2016.10.10"]
[SourceVersion "1"]
[SourceVersionDate "2016.10.10"]
[SourceQuality "1"]
[WhiteTeam "Magic Extremadura"]
[BlackTeam "Equigoma Social Catolica"]
[WhiteTeamCountry "ESP"]
[BlackTeamCountry "ESP"]

1. d4 Nf6 2. c4 g6 3. f3 d5 4. cxd5 Nxd5 5. e4 Nb6 6. Nc3 Bg7 7. Be3 O-O 8. Qd2
Nc6 9. O-O-O Qd6 10. Kb1 Rd8 11. Nb5 Qd7 12. d5 a6 13. Nc3 Qe8 14. Qc1 Na5 15.
Bh6 Bxh6 16. Qxh6 e6 17. Nh3 Qf8 18. Qf4 Qe7 19. g4 e5 20. Qh6 c6 21. Be2 f6
22. Nf2 Nac4 23. Bxc4 Nxc4 24. Nd3 Nd6 25. h4 Bd7 26. Qe3 Be8 27. g5 Bf7 28.
gxf6 Qxf6 29. Qg5 Qxg5 30. hxg5 Nc4 31. b3 Ne3 32. Rd2 cxd5 33. Nxe5 Be6 34.
Re1 d4 35. Ne2 Rac8 36. Nxd4 Rxd4 37. Rxd4 Nc2 38. Red1 Nxd4 39. Rxd4 Kf8 40.
Rd6 Ke7 41. Rb6 Rc7 42. Kb2 Bc8 43. a4 Be6 44. a5 Bc8 45. b4 Be6 46. f4 Bh3 47.
Rf6 Bg2 48. Rf7+ Kd6 49. Rxc7 Kxc7 50. f5 Bxe4 51. f6 Kd6 52. Nf7+ Ke6 53. Nh6
Bd5 54. Kc3 Kd6 55. Kd4 Be6 56. Ke4 Bd5+ 57. Ke3 Be6 58. Kf4 Bc4 59. Ng4 Ke6
60. Ke4 Be2 61. Nh6 Bf1 62. Kd4 Bg2 63. Kc5 Bf3 64. Kb6 Kd7 65. Ka7 Ke6 66. Kb6
Kd7 67. Kc5 Ke6 68. Ng8 Be4 69. Kd4 Bh1 70. Ne7 Kd6 71. Nc8+ Ke6 72. Kc5 h6 73.
gxh6 Kxf6 74. Nd6 g5 75. h7 Kg7 76. Nf7 Kxh7 77. Nxg5+ Kg6 78. Ne6 Kf5 79. Nd8
Ke5 80. Kb6 Kd4 81. Nxb7 Kc4 82. Nc5 Kxb4 83. Nxa6+ Ka4 84. Nc5+ Kb4 85. a6 Ba8
86. Nb7 Kc4 87. Kc6 Kd4 88. Kc7 Kc4 89. Kb8 Kb5 90. a7 Kb6 91. Kxa8 Kc7 92. Nd6
1-0

[Event "TUR-chT"]
[Site "Kocaeli"]
[Date "2017.08.02"]
[Round "8.3"]
[White "Swiercz, Dariusz"]
[Black "Cheparinov, Ivan"]
[Result "0-1"]
[WhiteElo "2637"]
[BlackElo "2703"]
[PlyCount "128"]
[EventDate "2017.07.26"]
[EventType "team-tourn"]
[EventRounds "13"]
[EventCountry "TUR"]
[SourceTitle "CBM 179 Extra"]
[Source "ChessBase"]
[SourceDate "2017.08.23"]
[SourceVersion "1"]
[SourceVersionDate "2017.08.23"]
[SourceQuality "1"]
[WhiteTeam "Varyant Yontem"]
[BlackTeam "Istanbul Turk Hava"]
[WhiteTeamCountry "TUR"]
[BlackTeamCountry "TUR"]

1. e4 c5 2. Nf3 d6 3. d4 cxd4 4. Nxd4 Nf6 5. Nc3 a6 6. Be3 e6 7. Be2 Qc7 8. Qd2
b5 9. f3 Nbd7 10. a3 h5 11. O-O-O Be7 12. h3 h4 13. Bg5 Rb8 14. Kb1 Nb6 15.
Rhe1 O-O 16. f4 Bb7 17. e5 dxe5 18. fxe5 Nfd5 19. Nxd5 Nxd5 20. Bxe7 Qxe7 21.
c3 Rfd8 22. Bd3 Ba8 23. Qf2 Rdc8 24. Rc1 Qg5 25. Re4 Nxc3+ 26. Rxc3 Rxc3 27.
bxc3 Bxe4 28. Bxe4 Rd8 29. Bc2 Rd5 30. Nf3 Qg3 31. Qxg3 hxg3 32. Kc1 a5 33. Be4
Rc5 34. Kd2 Kf8 35. Bd3 Rd5 36. Kc2 Rc5 37. Kd2 Rd5 38. Kc2 Rc5 39. Kb3 Rd5 40.
Be2 Rc5 41. Nd4 Rxe5 42. Bxb5 Re1 43. Ka4 e5 44. Nf5 Rg1 45. Bc6 Rc1 46. Kb3 g6
47. Nxg3 f5 48. h4 Re1 49. h5 f4 50. Ne4 gxh5 51. c4 h4 52. Nc3 Re3 53. Kc2 f3
54. gxf3 h3 55. f4 exf4 56. Kd2 h2 57. Bh1 Rg3 58. Ne2 Rg1 59. Bd5 Rf1 60. c5
Ke7 61. Be4 f3 62. Ng3 Rg1 63. Nf5+ Kf6 64. Bxf3 Kxf5 0-1